Nuevas perspectivas desde-sobre América Latina: el desafío de los estudios culturales

Salvato in:
Dettagli Bibliografici
Autore principale: Moraña, Mabel (autora)
Natura: Libro
Lingua:spagnolo
Pubblicazione: Santiago Cuarto Propio 2000
Edizione:1a. ed
Serie:Colección Crítica y Ensayos
Soggetti:
Tags: Aggiungi Tag
Nessun Tag, puoi essere il primo ad aggiungerne!!

MARC

LEADER 00000nam a2200000 a 4500
001 UCN8088
003 CL-VaPUC
008 011109e20000000CL |||||||||||||||||spa|d
020 |a 9562601854 
082 0 4 |a 306.4  |b MOR  |2 21 
100 |a Moraña, Mabel  |e autora  |9 464309 
245 1 0 |a Nuevas perspectivas desde-sobre América Latina: el desafío de los estudios culturales 
250 |a 1a. ed 
300 |a 516 p 
942 |c BK 
945 |d 20011109 00:00:00  |a rbrito 
260 |a Santiago  |b Cuarto Propio  |c 2000 
650 0 |a Cultura  |9 269059 
650 0 |a Antropología cultural y social   |9 265143 
650 0 |a Desarrollo cultural  |9 267526 
650 0 |a Estudios culturales  |9 389320 
650 0 |a Cultura  |x Investigación  |9 338168 
583 |a last modification  |c 20011109 00:00:00  |k Rodrigo Vera 
490 0 |a Colección Crítica y Ensayos 
999 |c 298150  |d 298148 
952 |0 0  |1 0  |4 0  |6 306_400000000000000_MOR_2000  |7 0  |8 A  |9 353522  |a FDOPOS  |b FDOPOS  |d 2019-11-21  |i 3692604  |o 306.4 MOR 2000  |p 3692604  |r 2025-01-22  |w 2019-11-21  |y BK  |k MLH 
952 |0 0  |1 0  |4 0  |6 306_400000000000000_MOR_2000  |7 0  |8 A  |9 353523  |a BIBCUR  |b BIBCUR  |d 2019-11-21  |i 4256816  |l 1  |o 306.4 MOR 2000  |p 4256816  |r 2025-04-22  |s 2023-08-08  |w 2019-11-21  |y BK  |k MGC